Statistics for Marseille Goalkeeper By Year

Click here to take the quiz!

General Stats

  • This quiz has been taken 248 times
    (103 since last reset)
  • The average score is 22 of 62

Answer Stats

SeasonGoalkeeper% Correct
2012-13Steve Mandanda
97%
2020-21Steve Mandanda
97%
2019-20Steve Mandanda
97%
2018-19Steve Mandanda
97%
2017-18Steve Mandanda
97%
2015-16Steve Mandanda
97%
2014-15Steve Mandanda
97%
2013-14Steve Mandanda
97%
2011-12Steve Mandanda
97%
2010-11Steve Mandanda
97%
2009-10Steve Mandanda
97%
2008-09Steve Mandanda
97%
2007-08Steve Mandanda
97%
2005-06Fabien Barthez
83%
2003-04Fabien Barthez
83%
2004-05Fabien Barthez
83%
1992-93Fabien Barthez
83%
1993-94Fabien Barthez
83%
2021-22Pau López
82%
2022-23Pau López
82%
2016-17Yohann Pelé
60%
2006-07Cédric Carrasso
44%
1990-91Pascal Olmeta
39%
1991-92Pascal Olmeta
39%
2002-03Vedran Runje
18%
2001-02Vedran Runje
18%
1999-00Stéphane Porato
14%
1998-99Stéphane Porato
14%
1997-98Andreas Köpke
11%
1996-97Andreas Köpke
11%
1985-86Joseph Bell
9%
1987-88Joseph Bell
9%
1986-87Joseph Bell
9%
1989-90Gaétan Huard
5%
1988-89Gaétan Huard
5%
2000-01Stéphane Trévisan
5%
1973-74Georges Carnus
2%
1971-72Georges Carnus
2%
1972-73Georges Carnus
2%
1966-67Jean-Paul Escale
2%
1967-68Jean-Paul Escale
2%
1969-70Jean-Paul Escale
2%
1970-71Jean-Paul Escale
2%
1968-69Jean-Paul Escale
2%
1958-59Pierre Péri
2%
1951-52Abderrahmane Ibrir
1%
1950-51Armand Libérati
1%
1958-59Camille Fischbach
1%
1977-78Gerard Migeon
1%
1978-79Gerard Migeon
1%
1979-80Gerard Migeon
1%
1975-76Gerard Migeon
1%
1976-77Gerard Migeon
1%
1955-56James Poncet
1%
1952-53James Poncet
1%
1962-63Joseph Moreira
1%
1957-58Marcel Domingo
1%
1956-57Marcel Domingo
1%
1984-85Marc Levy
1%
1954-55Pierre Angel
1%
1953-54Pierre Angel
1%
1974-75Rene Charrier
1%

Score Distribution

Percentile by Number Answered

Percent of People with Each Score

Your Score History

You have not taken this quiz since the last reset